Desempeño de los directores de Educación Básica del Distrito Educativo 16-04, de Bonao. (Record no. 1146)
[ view plain ]
| 000 -LEADER | |
|---|---|
| campo de control de longitud fija | 02890nam a2200517Ia 4500 |
| 001 - NÚMERO DE CONTROL | |
| campo de control | 1239 |
| 008 - DATOS DE LONGITUD FIJA--INFORMACIÓN GENERAL | |
| campo de control de longitud fija | 241029s9999 xx 000 0 und d |
| 010 ## - NÚMERO DE CONTROL DE LA BIBLIOTECA DEL CONGRESO | |
| Número de control de LC | 1146 |
| 041 ## - CÓDIGO DE IDIOMA | |
| Código de lengua del texto/banda sonora o título independiente | Español |
| 082 ## - NÚMERO DE LA CLASIFICACIÓN DECIMAL DEWEY | |
| Número de clasificación | MAED 2000-47. |
| 245 #0 - MENCIÓN DEL TÍTULO | |
| Título | Desempeño de los directores de Educación Básica del Distrito Educativo 16-04, de Bonao. |
| 260 ## - PUBLICACIÓN, DISTRIBUCIÓN, ETC. | |
| Lugar de publicación, distribución, etc. | Monseñor Nouel |
| 300 ## - DESCRIPCIÓN FÍSICA | |
| Extensión | 94 |
| 520 ## - RESUMEN, ETC. | |
| Sumario, etc. | 36 |
| 520 ## - RESUMEN, ETC. | |
| Sumario, etc. | La investigación es descriptiva. El instrumento utilizado fue un cuestionario de cuarenta y cuatro (44) items, se aplicó a una muestra de doscientos ocho (208) profesores seleccionados de manera aleatoria. Se usó una guía de entrevista para los miembros de las Asociaciones de Padres, Madres y Amigos de la Escuela; la muestra fue de setenta y un (71) presidentes de las Asociaciones. El Distrito Educativo 16-04 que está integrado por setenta y nueve (79) Escuelas de Educación Básica, siete (7) de Educación Media, treinta y ocho (38) de Educación Inicial y doce (12) de Educación de Adultos. Posee una población estudiantil de veintiocho mil trescientos sesenta (28,360) alumnos con seiscientos trece (613) maestros(as), veintitrés (23) colegios privados, sesenta y un (71) Asociaciones de Padres, Madres y Amigos de la Escuela.Los hallazgos principales relacionados con los docentes son: 72.1% pertenecen al sexo femenino, 57.7% trabaja en la zona rural, 48.1% oscila entre los 21 y 48 años de edad, el 44.7% posee certificados de estudios superiores, 28.4% tiene menos de cinco (5) años en el cargo, 4.06% tiene la percepción de que casi siempre el director cumple con el desempeño de sus funciones, el 4.82% de los docentes tiene una actitud favorable hacia la supervisión del director. En cuanto a los padres, los hallazgos principales son: el 67.25 pertenece al sexo femenino, el 59% vive en la zona rural, el 50.7% oscila entre 31 y 40 años, el 3.66% tiene la percepción de que son integrados por los directores en la gestión del Centro. |
| 630 ## - PUNTO DE ACCESO ADICIONAL DE MATERIA--TÍTULO UNIFORME | |
| Título uniforme | Administración Escolar |
| 650 ## - PUNTO DE ACCESO ADICIONAL DE MATERIA--TÉRMINO DE MATERIA | |
| Término de materia o nombre geográfico como elemento de entrada | Administración de la Educación |
| 690 ## - PUNTO DE ACCESO ADICIONAL DE MATERIA LOCAL--TÉRMINO DE MATERIA (OCLC, RLIN) | |
| Término de materia o nombre geográfico como elemento inicial | Sintetizado |
| 700 ## - ENTRADA AGREGADA--NOMBRE PERSONAL | |
| Término indicativo de función/relación | asesor |
| Nombre de persona | No, Aplica |
| 700 ## - ENTRADA AGREGADA--NOMBRE PERSONAL | |
| Término indicativo de función/relación | autor |
| Nombre de persona | Valdéz, María Ramona |
| 901 ## - ELEMENTOS DE DATOS A LOCAL LDA (RLIN) | |
| a | {"1":"Valdéz"} |
| b | {"1":"María Ramona"} |
| 902 ## - ELEMENTOS DE DATOS B LOCAL, LDB (RLIN) | |
| a | 1 |
| 903 ## - ELEMENTOS DE DATOS C LOCAL, LDC (RLIN) | |
| a | {"1":"No"} |
| b | {"1":"Aplica"} |
| 904 ## - ELEMENTOS DE DATOS D LOCAL, LDD (RLIN) | |
| a | Maestría en |
| 905 ## - ELEMENTOS DE DATOS E LOCAL, LDE (RLIN) | |
| a | Administración de la Educación |
| 906 ## - ELEMENTOS DE DATOS F LOCAL, LDF (RLIN) | |
| a | 2 |
| 907 ## - ELEMENTOS DE DATOS G LOCAL, LDG (RLIN) | |
| a | NO APLICA |
| 908 ## - COLOCAR PARÁMETRO DE COMANDO (RLIN) | |
| Colocar parámetro de comando | NO APLICA |
| 909 ## - | |
| -- | Pontificia Universidad Católica Madre y Maestra (PUCMM), Recinto Santiago |
| 910 ## - DATOS DE OPCIÓN DEL USUARIO (OCLC) | |
| Datos de opción del usuario | NULL |
| -- | NULL |
| 911 ## - EQUIVALENCIA O REFERENCIA-CRUZADA-NOMBRE DE CONFERENCIA O REUNIÓN/CONGRESO [LOCAL, CANADÁ] | |
| Nombre de congreso/reunión o jurisdicción como elemento de entrada | ["1"] |
| 912 ## - | |
| -- | NO APLICA |
| 913 ## - | |
| -- | NULL |
| 914 ## - | |
| -- | 01 de Febrero de 2000 |
| 915 ## - | |
| -- | 28/11/19 05:11 |
| 916 ## - | |
| -- | NULL |
| 917 ## - | |
| -- | NULL |
| 918 ## - | |
| -- | NO APLICA |
| 919 ## - | |
| -- | ["11"] |
| 921 ## - | |
| -- | 11 |
| 922 ## - | |
| -- | 11 |
| 923 ## - | |
| -- | 0 |
| 924 ## - | |
| -- | NO APLICA |
| 942 ## - ELEMENTOS DE ENTRADA SECUNDARIOS (KOHA) | |
| Tipo de ítem Koha | |
No items available.